000 00517nam a2200181Ia 4500
008 240925s9999 xx 000 0 und d
020 _a47142901
082 _a005.1 BRA
100 _aBraude, Eric
245 0 _aSoftware Design: from programming to architecture
250 _aNA
260 _aNew Jersey:
_bJohn wiley & Sons
_c,2004.
300 _a512p.
_bN.A
_fOriginal
500 _aIncludes Index
600 _aEngineering Technology
650 _aComputer science, information & general works
942 _cBK
999 _c10899
_d10899